<?xml version="1.0" encoding="UTF-8"?><?xml-stylesheet type="text/xsl" href="static/style.xsl"?><OAI-PMH xmlns="http://www.openarchives.org/OAI/2.0/" xmlns:xsi="http://www.w3.org/2001/XMLSchema-instance" xsi:schemaLocation="http://www.openarchives.org/OAI/2.0/ http://www.openarchives.org/OAI/2.0/OAI-PMH.xsd"><responseDate>2026-06-02T12:04:41Z</responseDate><request verb="GetRecord" identifier="oai:riuma.uma.es:10630/11437" metadataPrefix="marc">https://riuma.uma.es/rest/oai/request</request><GetRecord><record><header><identifier>oai:riuma.uma.es:10630/11437</identifier><datestamp>2026-02-03T12:38:38Z</datestamp><setSpec>com_10630_2254</setSpec><setSpec>col_10630_37957</setSpec></header><metadata><record xmlns="http://www.loc.gov/MARC21/slim" xmlns:dcterms="http://purl.org/dc/terms/" xmlns:doc="http://www.lyncode.com/xoai" xmlns:xsi="http://www.w3.org/2001/XMLSchema-instance" xsi:schemaLocation="http://www.loc.gov/MARC21/slim http://www.loc.gov/standards/marcxml/schema/MARC21slim.xsd">
   <leader>00925njm 22002777a 4500</leader>
   <datafield ind2=" " ind1=" " tag="042">
      <subfield code="a">dc</subfield>
   </datafield>
   <datafield ind2=" " ind1=" " tag="720">
      <subfield code="a">García Aguilera, Manuel Antonio</subfield>
      <subfield code="e">author</subfield>
   </datafield>
   <datafield ind2=" " ind1=" " tag="260">
      <subfield code="c">2016</subfield>
   </datafield>
   <datafield ind2=" " ind1=" " tag="520">
      <subfield code="a">El presente trabajo pretende dar visibilidad a la obra narrativa del autor barcelonés Antonio Rabinad, comprendida bajo el título genérico de Un reino de ladrillo. Partiéndose del estado de la cuestión crítica y de una caractarización general de la conocida como Generación del 50, se ha realizado un estudio interpretativo de las que se han considerado obras principales del autor, atendiéndose tanto al análisis de los principales elementos narrativos de las novelas (narrador, espacio, tiempo...) como a sus principios temáticos fundamentales.&#xd;
Tras todo el proceso se concluye que, pese a una peculiar evolución y al mantenimiento de unos parámetros temáticos constantes a lo largo de toda su novelística, Antonio Rabinad es un componente de pleno derecho de los llamados "niños de la guerra" y un autor fundamental para la caracterización literaria de la Barcelona de guerra y posguerrra.</subfield>
   </datafield>
   <datafield ind1="8" ind2=" " tag="024">
      <subfield code="a">http://hdl.handle.net/10630/11437</subfield>
   </datafield>
   <datafield tag="653" ind2=" " ind1=" ">
      <subfield code="a">Literatura española</subfield>
   </datafield>
   <datafield ind2="0" ind1="0" tag="245">
      <subfield code="a">Un reino de ladrillo: la obra narrativa de Antonio Rabinad</subfield>
   </datafield>
</record>
</metadata></record></GetRecord></OAI-PMH>